Riconosci il Pokémon - Quiz n°869 - Statistics

Statistiche generali
  • Questo quiz è stato fatto 1 volte
  • Il punteggio medio è 3 su 10
Statistiche sulle risposte
Indizio Risposta % Corretto
Tipo Ghiaccio / Terra
100%
Abilità Indifferenza; Mantelneve; Grassospesso
100%
Generazione Quarta
100%
Altezza 2,5 m
0%
Peso 291,0 kg
0%
Tasso di cattura 50 (12.9%)
0%
Sesso 50% ♂, 50% ♀
0%
Tasso di allevamento Lento
0%
Pokémon Mamoswine
0%
Stadio evoluzione Seconda evoluzione
0%
Nessun quiz corrispondente trovato
Distribuzione punteggi
Percentuale di utenti per punteggio
Percentile per numero di risposta
I tuoi punteggi nel tempo
Non hai fatto questo quiz